|
|
|
|
| LEADER |
00000nam0a2200000 4500 |
| 001 |
59584 |
| 005 |
20231101211824.0 |
| 010 |
|
|
|a 5983710044
|
| 035 |
|
|
|a (RuTPU)RU\TPU\book\63019
|
| 090 |
|
|
|a 59584
|
| 100 |
|
|
|a 20040116d2003 km y0rusy50 ca
|
| 101 |
0 |
|
|a rus
|
| 102 |
|
|
|a RU
|
| 105 |
|
|
|a y g 001zy
|
| 200 |
1 |
|
|a Предельно допустимые концентрации химических веществ в окружающей среде
|f Ю. А. Кротов
|
| 205 |
|
|
|a 2-е изд., доп.
|
| 210 |
|
|
|a СПб.
|c Профессионал
|d 2003
|
| 215 |
|
|
|a 430 с.
|
| 225 |
1 |
|
|a Справочник
|
| 320 |
|
|
|a Библиогр.: с. 411-413
|
| 606 |
|
|
|a Окружающая среда
|x Загрязнения
|x (экология)
|2 stltpush
|3 (RuTPU)RU\TPU\subj\67948
|9 83532
|
| 610 |
1 |
|
|a экология
|
| 610 |
1 |
|
|a воздух
|
| 610 |
1 |
|
|a вода
|
| 610 |
1 |
|
|a почва
|
| 610 |
1 |
|
|a химические соединения
|
| 610 |
1 |
|
|a контролируемые показатели
|
| 610 |
1 |
|
|a продовольственное сырье
|
| 610 |
1 |
|
|a пищевые продукты
|
| 610 |
1 |
|
|a химические элементы
|
| 610 |
1 |
|
|a предельно допустимые концентрации
|
| 610 |
1 |
|
|a нитраты
|
| 610 |
1 |
|
|a ядохимикаты
|
| 610 |
1 |
|
|a микотоксины
|
| 610 |
1 |
|
|a аверсектин С
|
| 610 |
1 |
|
|a справочники
|
| 675 |
|
|
|a 504.05(035)
|v 3
|
| 700 |
|
1 |
|a Кротов
|b Ю. А.
|g Юрий Алексеевич
|
| 801 |
|
1 |
|a RU
|b 63413507
|c 20040116
|g PSBO
|
| 801 |
|
2 |
|a RU
|b 63413507
|c 20180618
|g PSBO
|
| 942 |
|
|
|c BK
|